000 00750nam a2200229 i 4500
001 bg
100 1 _aMACIEJEWSKA, Alina
245 1 0 _aWęgiel brunatny jako źródło substancji organicznej i jego wpływ na właściwości gleb /
_cAlina Maciejewska.
260 _aWarszawa :
_bOficyna Wydawnicza Politechniki Warszawskiej,
_c1998.
300 _a73, [1] s. :
_bfot. kolor., wykr. ;
_c24 cm.
504 _aBibliogr. s. 70-[74].
650 9 _aRekultywacja gleby
_zPolska
650 9 _aWęgiel brunatny
_xstosowanie
_xrolnictwo
650 9 _aNawozy organiczne
020 _a8372070954
040 _cBPK
041 0 _apl
080 _a631.8:631.4:622.332
920 _a83-7207-095-4
942 _cKS
008 s pl f |000 0 pol
999 _c39103
_d39103
856 _uhttp://koha.tu.koszalin.pl/cgi-bin/koha/opac-detail.pl?biblionumber=39103
_yKatalog online BPK